The Armchair Millionaire : (Record no. 609527)

MARC details
000 -LEADER
fixed length control field 00477nam a2200181 a 4500
001 - CONTROL NUMBER
control field 1769763991060
003 - CONTROL NUMBER IDENTIFIER
control field YourLibrary
005 - DATE AND TIME OF LATEST TRANSACTION
control field 20260131161944.0
008 - FIXED-LENGTH DATA ELEMENTS--GENERAL INFORMATION
fixed length control field 260130s2002##################000#0#eng##
020 ## - INTERNATIONAL STANDARD BOOK NUMBER
International Standard Book Number 9780743411929
082 04 - DEWEY DECIMAL CLASSIFICATION NUMBER
Classification number 332.02401
Item number SCH
040 ## - CATALOGING SOURCE
Original cataloging agency YourLibrary
Language of cataloging eng
Transcribing agency YourLibrary
100 1# - MAIN ENTRY--PERSONAL NAME
Personal name Schiff, Lewis,
Relator term author.
245 10 - TITLE STATEMENT
Title The Armchair Millionaire :
260 ## - PUBLICATION, DISTRIBUTION, ETC.
Name of publisher, distributor, etc. Atria Books,
Date of publication, distribution, etc. 2002.
650 #0 - SUBJECT ADDED ENTRY--TOPICAL TERM
Topical term or geographic name entry element Business & Economics.
942 ## - ADDED ENTRY ELEMENTS (KOHA)
Koha item type English Books
Holdings
Withdrawn status Lost status Damaged status Not for loan Home library Current library Shelving location Date acquired Total Checkouts Full call number Barcode Date last seen Price effective from Koha item type
        Anna Centenary Library Anna Centenary Library 4TH FLOOR, A WING 31.01.2026   332.02401 SCH 449363 31.01.2026 31.01.2026 English Books

Find us on the map